| 000 | 00814nam a2200241 a 4500 | ||
|---|---|---|---|
| 001 | 000011822 | ||
| 003 | DO-SdBNP | ||
| 005 | 20250630104018.0 | ||
| 008 | 091028s2001 dr 000 j spa d | ||
| 040 |
_aDO-SdBNP _bspa _cBNPHU |
||
| 082 | 4 |
_aRD863.44 _bC117a _222 |
|
| 100 | 1 |
_aCabral, Euri _91097 |
|
| 245 | 1 | 0 |
_aAmor de Mariposas y otros relatos / _cEuri Cabral. |
| 260 |
_aSanto Domingo : _bBúho, _c2001. |
||
| 300 |
_a112 p. ; _c23 cm. |
||
| 500 | _aIncluye referencias bibliográficas y notas al pie de las páginas. | ||
| 590 | _aInventariado, 2020/MFF | ||
| 650 | 4 |
_aCuentos dominicanos _9176 |
|
| 650 | 4 |
_aLiteratura dominicana. _967 |
|
| 651 | 4 |
_aRepública Dominicana _xHistoria _yEra de Trujillo, 1930-1961 _vCuentos _978796 |
|
| 910 | _aValidado. Control de calidad MMOLINA | ||
| 942 |
_2ddc _cLBS1 |
||
| 999 |
_c11496 _d11496 |
||